Vkus a nevkus kolem nás /

Uložené v:
Podrobná bibliografia
Hlavný autor: Hanzlíková, Alena (Author)
Médium: Kniha
Jazyk:Czech
Vydané: Praha : Práce, 1977.
Vydanie:1. vyd.
Edícia:Kamarád
ISBN: (brož.)
Fyzický popis: 272 s.
Tagy: Pridať tag
Žiadne tagy, Buďte prvý kto otaguje tento záznam!

MARC

LEADER 00000nam a2200000 a 4500
001 000171813
005 20090906151701.0
008 040101s1977 xr e czeo
020 |a (brož.) 
040 |a SVKKK  |b slo  |c SVKKK  |e AACR2 
041 0 |a cze 
044 |a xr  |c CZ 
100 1 |a Hanzlíková, Alena.  |4 aut 
245 1 0 |a Vkus a nevkus kolem nás /  |c Alena Hanzlíková. 
250 |a 1. vyd. 
260 |a Praha :  |b Práce,  |c 1977. 
300 |a 272 s. 
490 1 |a Kamarád 
830 0 |a Kamarád 
910 |a svkkk 
998 |a BK 
090 |g SCKHL  |k Sklad Hlavná 10 suterén  |a I.48060  |j 573352  |i 2720627793  |4 Multiplikát  |s Vyradená 
090 |g SCKHL  |k Sklad Hlavná 10 suterén  |a I.48061  |j 573353  |i 2720257278  |4 Multiplikát  |s Vyradená 
090 |g SCKHL  |k Sklad Hlavná 10 suterén  |a I.48062  |j 573354  |i 2720627794  |s Absenčne